| 000 | 00799cab a22001935a 4500 | ||
|---|---|---|---|
| 001 | L143966 | ||
| 008 | 080610e20080607xxk f v 000 0 eng d | ||
| 035 | _a(Sirsi) u143966 | ||
| 041 | 0 | _aeng | |
| 100 | 1 | _aWood, Emily | |
| 245 | 0 | 0 | _aCollection points |
| 260 | _c2008 | ||
| 490 | 0 |
_aEstates Gazette _v(0822) 7 June 2008, 164-165(2) |
|
| 520 | _aExplains that rent arrears recovery can be done in several different ways. Discusses the alternative sources to which a landlord can turn in order to obtain payment from a tenant. Tables the likely effects, advantages and disadvantages to each of the various steps that a landlord can take to recovering arrears. | ||
| 590 | _aKA | ||
| 651 | 4 |
_aUnited Kingdom _y |
|
| 690 | _aPROPERTY-LANDLORD AND TENANT-TENANCIES-DISTRESS FOR RENT | ||
| 942 | _n0 | ||
| 999 |
_c80329 _d80329 |
||